Top 20 Words Starting With R - Statistics

General Stats
  • This quiz has been taken 734 times
  • The average score is 8 of 20
Answer Stats
rank length word % Correct
5 4 read
78%
2 3 run
73%
11 4 real
71%
1 5 right
66%
18 4 rest
62%
4 4 road
51%
8 6 really
50%
19 4 rise
46%
6 4 rate
43%
20 5 reach
32%
10 8 remember
32%
3 4 room
31%
15 4 role
30%
14 5 round
28%
9 6 reason
25%
12 6 record
17%
7 6 return
16%
16 6 remain
13%
13 5 range
12%
17 7 require
6%
No matching quizzes found
Score Distribution
Percent of People with Each Score
Percentile by Number Answered
Your Score History
You have not taken this quiz